000 00304nam a22001337a 4500
008 171107b xxu||||| |||| 00| 0 eng d
020 _a9780071234313
041 _aeng
080 _210 ED
_a330722.6
100 _a62
101 _aKON
245 _aMANAGERIAL ACCOUTING
_cGARRISON .N
942 _2udc
_cBK
999 _c38152
_d38152